導出完成 — 

Cơ chế cố định đạm của giống (chi) vi khuẩn Pseudomonas : Chuyên đề nghiên cứu sinh

Nội dung chuyên đề đề cập đến cơ chế cố định đạm của giống (chi) vi khuẩn Oseudomonas và các vấn đề có liên quan.

Saved in:
Bibliographic Details
Main Author: Ngô, Thanh Phong
Format: Book
Language:Undetermined
Published: Cần Thơ Trường Đại học Cần Thơ 2010
Subjects:
Tags: Add Tag
No Tags, Be the first to tag this record!
Institutions: Trung tâm Học liệu Trường Đại học Cần Thơ
LEADER 00929nam a2200229Ia 4500
001 CTU_164949
008 210402s9999 xx 000 0 und d
082 |a 579.25 
082 |b Ph431 
088 |a TNCS2010-17 
100 |a Ngô, Thanh Phong 
245 0 |a Cơ chế cố định đạm của giống (chi) vi khuẩn Pseudomonas : 
245 0 |b Chuyên đề nghiên cứu sinh 
245 0 |c Ngô Thanh Phong ; Cao Ngọc Diệp (Hướng dẫn khoa học) 
260 |a Cần Thơ 
260 |b Trường Đại học Cần Thơ 
260 |c 2010 
520 |a Nội dung chuyên đề đề cập đến cơ chế cố định đạm của giống (chi) vi khuẩn Oseudomonas và các vấn đề có liên quan. 
650 |a Bacteria,Vi khuẩn 
904 |i Thảo, Hải 
915 |a CS 
980 |a Trung tâm Học liệu Trường Đại học Cần Thơ